00907 2200313 4500001002100000005001500021035002000036007000300056008004100059020002200100082001200122084001900134100002300153245009200176250003600268300002800304650002100332700003000353264002800383336002100411337003000432338002300462040002200485090002200507850001200529999002200541041000800563990002200571INLIS00000000087031720220530085053 a0010-0522000550ta220527s2021 yoia g p jav d a978-623-98146-7-004223a372 a899.2221 SRI g0 aNgatiniePengarang10aBuku pegangan secara daring kelompok A semester 1 /cNgatini; penyunting, Sawa Anatasya aCetakan pertama, September 2021 aiv, 97 halaman ;c21 cm 4aPendidikan Dasar0 aSawa AnatasyaePenyunting31aBantul :bAnanta,c2021 2rdacontentateks 2rdamediaatanpa perantara 2rdacarrieravolume aYOPDYOGbinderda aCB-D.11 2021-2999 aYOPDYOG aCB-D.11/2021-2999 aind aCB-D.11/2021-2999